| 000 | 00367nam a2200145Ia 4500 | ||
|---|---|---|---|
| 008 | 230917s9999||||xx |||||||||||||| ||und|| | ||
| 040 |
_e85344 _aMAIN |
||
| 041 | _aEnglish | ||
| 082 | _a342 J334M | ||
| 100 | _aJayapalan, N | ||
| 245 | 0 | _aModern government and constitutions. 2V | |
| 260 |
_aNew Delhi _bAtlantic Publishers _c2002 |
||
| 300 | _av. p. | ||
| 942 | _cBK | ||
| 999 |
_c113254 _d113254 |
||